Statystyki dla Top 10 najbardziej zalesionych krajów w Azji

Kliknij tutaj aby rozwiązać quiz!

Ogólne statystyki

  • Ten quiz został rozwiązany 278 razy
  • Średni wynik to 6 z 10

Statystyki odpowiedzi

%Państwo% Poprawnych
47.63Indonezja
84%
66.04Japonia
75%
44.60Wietnam
75%
52.24Kambodża
69%
79.23Laos
69%
67.09Malezja
69%
61.71Korea Południowa
54%
71.75Bhutan
48%
65.92Brunei
45%
46.12Timor Wschodni
38%

Rozkład punktacji

Percentyl według liczby udzielonych odpowiedzi

Procent ludzi z każdym wynikiem

Twoja historia wyników

Nie rozwiązałeś tego quizu